00577cam a22001692 4500001001100000005001700011008004100028040001500069110006100084245007600145250001300221260004200234300001600276610005800292610005400350852000300404000002481320151217155917.0140212s xx 000 0 eng d aKABUcKABU2 aKenya.bMinistry of Devolution and Planning.@000018505810aMeru County development profile /cMinistry of Devolution and Planning. a1st ed. aNairobi :bGovernment Printer,c2013. axv, 123 p.20aMeru County (Kenya)xEconomic conditions.@000018508120aMeru County (Kenya)xEconomic policy.@00001850811